| 000 | 00405pab a2200157 454500 | ||
|---|---|---|---|
| 008 | 180718b2011 xxu||||| |||| 00| 0 eng d | ||
| 100 | _aBanerjee, Sumanta | ||
| 245 | _aThe mysterious alien: Indian street jugglers in Victorian London | ||
| 260 | _c2011 | ||
| 300 | _ap.59-65. | ||
| 362 | _a2 Apr | ||
| 650 | _aUrbanization | ||
| 773 | _aEconomic and Political Weekly | ||
| 908 | _aN | ||
| 909 | _a91237 | ||
| 999 |
_c91237 _d91237 |
||